LIBRARY & INFORMATION CENTRE, KCAET, TAVANUR

ONLINE PUBLIC ACCESS CATALOGUE (OPAC)

Inside the Norton utilities 6.0 / (Record no. 9810)

MARC details
000 -LEADER
fixed length control field 00474cam a2200181ua 4500
020 ## - INTERNATIONAL STANDARD BOOK NUMBER
ISBN 0 87692 763 0
041 ## - LANGUAGE CODE
Language code of text/sound track or separate title eng
082 ## - DEWEY DECIMAL CLASSIFICATION NUMBER
Classification number 005.42
Item number KRU/IN
100 ## - MAIN ENTRY--AUTHOR NAME
Personal name Krumm, Rob .
245 ## - TITLE STATEMENT
Title Inside the Norton utilities 6.0 /
250 ## - EDITION STATEMENT
Edition statement 3 /
260 ## - PUBLICATION, DISTRIBUTION, ETC. (IMPRINT)
Place of publication New Delhi :
Name of publisher Prentice Hall of India Pvt Ltd. ,
Year of publication 1992.
300 ## - PHYSICAL DESCRIPTION
Number of Pages 637 ; .
942 ## - ADDED ENTRY ELEMENTS (KOHA)
Koha item type Books
Holdings
Withdrawn status Lost status Damaged status Home library Current library Date acquired Full call number Accession Number Koha item type
      KAUAET KAUAET 07/04/2012 005.42 17999 Books
free website counter